00661nam a2200229 a 4500001001300000003000900013005001700022008004100039020001000080082001300090100001900103245004500122260003200167300000900199500003500208650002500243700001900268902000800287942000700295952011400302999001500416nice12345678IN_TiNIC20260116013113.0070829s1985 newa grp 000 0 eng  ac67500a291bCOW aCoward, Harold aPluralismb Challenge to World Religions aNew YorkbOrbis Booksc1985 a131p aincludes index and biblioraphy aComparative Religion1 aCoward, Harold bSRS cBK 001040708StackRoom-aHMIbHMId2007-08-29g675.00l0o291 COWp016555r2007-08-29v675.00w2007-08-29yBK c9663d9663